| 000 | 01068nam a22003257a 4500 | ||
|---|---|---|---|
| 999 |
_c77 _d77 |
||
| 001 | 004271 | ||
| 003 | Biblio-udec004271 | ||
| 005 | 20181020185013.0 | ||
| 008 | 180714b ck ||||| |||| 00| 0 spa d | ||
| 040 | _cUdec | ||
| 082 |
_219 _aRES 346.066 N238 _b1 |
||
| 110 |
_918 _a Colombia. |
||
| 240 | _aLeyes, etc. | ||
| 245 | _aRégimen legal de las sociedades | ||
| 260 |
_aSanta Fé de Bogotá : _bLegis Editores, _c? |
||
| 300 |
_a(Hoja sustituible) ; _c26 cm. |
||
| 500 | _aHoja sustituible | ||
| 501 | _aÜltima actualización N° 202 junio de 2018 | ||
| 650 | 0 |
_2LEMB _926 _aJurisprudencia _zColombia |
|
| 650 | 0 |
_935 _aAspectos prácticos |
|
| 650 | 0 |
_927 _aDoctrina _zColombia |
|
| 650 | 0 |
_934 _aConflictos societarios-Resolución _zColombia |
|
| 650 | 0 |
_933 _aAutofinanciación _zColombia |
|
| 650 | 0 |
_932 _aCapitalización _zColombia |
|
| 650 | 0 |
_931 _aInspección, vigilancia y control _zColombia |
|
| 650 | 0 |
_930 _aTipos de sociedades _zColombia |
|
| 650 | 0 |
_929 _aRégimen sociedades |
|
| 730 |
_924 _aBogotá-Bibliografía regional. |
||
| 942 |
_2ddc _cRES |
||